Eminem's Most Viewed Songs on YouTube - Statistics

General Stats
  • This quiz has been taken 112 times
  • The average score is 20 of 42
Answer Stats
Views Song % Correct
1.16B Lose Yourself
92%
1.26B Rap God
86%
617M The Real Slim Shady
86%
1.28B Without Me
84%
2.32B Love The Way You Lie
83%
1.59B Not Afraid
83%
809M The Monster
79%
443M Godzilla
76%
581M Mockingbird
75%
485M Stan
71%
674M Till I Collapse
68%
608M Venom
66%
220M My Name Is
64%
199M River
57%
128M Superman
53%
879M When I'm Gone
51%
415M Like Toy Soldiers
49%
427M Beautiful
47%
273M Just Lose It
46%
413M KILLSHOT
46%
567M No Love
46%
179M The Way I Am
43%
230M We Made You
43%
260M Berzerk
38%
330M Cleanin' Out My Closet
38%
170M Lucky You
38%
407M Sing For The Moment
38%
159M Forgot About Dre
37%
834M Smack That
36%
320M Forever
32%
143M Shake That
32%
347M Space Bound
32%
136M Ass Like That
29%
447M I Need A Doctor
28%
172M Survival
28%
132M Headlights
26%
203M Fall
25%
235M Guts Over Fear
20%
402M You Don't Know
20%
163M Fast Lane
16%
190M Best Friend
8%
280M Drop The World
8%
No matching quizzes found
Score Distribution
Percent of People with Each Score
Percentile by Number Answered
Your Score History
You have not taken this quiz